000 00687nam a2200289Ia 4500
005 20260324143725.0
008 008 260324s9999 xx 000 0 eng d
020 _a9781003099642
037 _aEBOOK
040 _aCRL
040 _beng
040 _cCRL
041 _2eng
041 _aeng
084 _qCRL
100 _aStuart Croft
_91216690
245 0 _aBritish Security Policy
245 4 _bThe Thatcher Years and the End of the Cold War
260 _bTaylor and Francis
260 _c1991
365 _a
365 _b170
856 _uhttp://www.taylorfrancis.com/books/9781003099642
942 _cEBOOK
999 _c1822422
_d1822422